00581nam a2200169Ia 4500008004000000082001300040100003100053245008500084250000500169260003600174300000800210650002600218690002500244906001100269999001700280952011400297210210b1979 xxu||||| |||| 00| 0 eng d a660 MUKC aMUKHLYONOV (I) and others. aChemical technology: most important industrial chemical processes. Part 2. Ed 3. a aMoscow.bMir Publishers.,c1979 a323 aChemical Technology  aIndustrial Chemistry a034360 c84868d84868 00102ddc40708CHEaALbALcSKd2021-02-17g13.25l0o660 MUKCp034360r2021-02-17 00:00:00w2021-02-17yBK